Decreto emanado por Benito Juarez, gobernador constitucional del Estado libre de Oaxaca... Artículo único. Son fiscales de imprenta de esta capital los ciudadanos licenciados José Maria Leon y Juan Nepomuceno Ezeta. Los tendrá entendido el gobernador del Estado y dispondrá se imprima, publique circule y se le dé el debido cumplimiento. Dado en el palacio del congreso de Oaxaca á 14 de julio de 1849... Palacio del gobierno de Oaxaca, julio 14 de 1849

Detalles Bibliográficos
Autor principal: Juárez, Benito, 1806-1872
Otros Autores: León, José María, Ezeta, Juan Napomuceno, Ruíz, Manuel
Formato: Libro
Lenguaje:Spanish
Publicado: Oaxaca : s.n., 1849.
Materias:
Colección:Banco de datos
Acervo:Universidad Autónoma Benito Juárez de Oaxaca. Biblioteca Francisco de Burgoa. Colección pliegos sueltos
Descripción Física:1 h. ; (21 x 15 cm.)
Tema general:Derecho civil
Notas:Texto a renglón seguido
LEADER 01387nam a22002410004500
035 |a 94 
041 0 |a spa 
100 1 |a Juárez, Benito, 1806-1872 
240 0 0 |a Decreto, 1849-07-14 
245 1 0 |a Decreto emanado por Benito Juarez, gobernador constitucional del Estado libre de Oaxaca... Artículo único. Son fiscales de imprenta de esta capital los ciudadanos licenciados José Maria Leon y Juan Nepomuceno Ezeta. Los tendrá entendido el gobernador del Estado y dispondrá se imprima, publique circule y se le dé el debido cumplimiento. Dado en el palacio del congreso de Oaxaca á 14 de julio de 1849... Palacio del gobierno de Oaxaca, julio 14 de 1849 
260 |a Oaxaca : s.n., 1849. 
300 |a 1 h. ; (21 x 15 cm.) 
500 |a Texto a renglón seguido 
504 |a Este documento impreso no tiene portada sino una rúbrica o título de partida al comienzo del texto de donde se ha tomado el título 
610 1 4 |a Gobierno del Estado de Oaxaca (México) 
650 1 0 |a Derecho civil 
700 1 |a León, José María 
700 1 |a Ezeta, Juan Napomuceno 
700 1 |a Ruíz, Manuel 
852 |a Universidad Autónoma "Benito Juárez" de Oaxaca, Biblioteca Francisco de Burgoa, Colección pliegos sueltos 24994 
942 |c BURPLI 
943 |g Universidad Autónoma Benito Juárez de Oaxaca. Biblioteca Francisco de Burgoa. Colección pliegos sueltos 
999 |c 1126366  |d 1126366